000 00340nam a2200133Ia 4500
008 210210b1979 xxu||||| |||| 00| 0 eng d
082 _a306.8 MARR
100 _aMARRIAGE - A TASK for adults.
245 _aLiving together
260 _aBangalore
_bC B C I Commission
_c1979
300 _a20
690 _aMarriage & Family
906 _a033890
999 _c84857
_d84857